[Event "Guadalajara Peoneros op 5th"]
[Site "Guadalajara"]
[Date "2022.09.03"]
[Round "3"]
[White "Castro Villasenor, Hector Christopher"]
[Black "Medina Calderon, Victor Manuel"]
[Result "0-1"]
[WhiteElo "1720"]
[BlackElo "1993"]
[PlyCount "68"]
[EventDate "2022.08.20"]
[EventType "swiss"]
[EventRounds "5"]
[EventCountry "MEX"]
[SourceTitle "EXT 2023"]
[Source "ChessBase"]
[SourceDate "2022.10.05"]
[SourceVersion "1"]
[SourceVersionDate "2022.10.05"]
[SourceQuality "1"]

1. e4 Nf6 2. e5 Nd5 3. d4 d6 4. Nf3 g6 5. exd6 cxd6 6. c4 Nf6 7. Nc3 Bg7 8. Bf4 0-0 9. Qd2 d5 10. Bh6 Nc6 11. Bxg7 Kxg7 12. Ne5 Be6 13. Nxc6 bxc6 14. c5 Bf5 15. Bd3 Bxd3 16. Qxd3 Qb8 17. 0-0-0 e5 18. h4 Re8 19. Rde1 Ng4 20. Qd2 Qb4 21. dxe5 Qxc5 22. f3 Nxe5 23. h5 Nc4 24. Qf4 Qf2 25. h6+ Kg8 26. Rxe8+ Rxe8 27. Nd1 Qc5 28. Kb1 Qe7 29. Qd4 f6 30. g4 Nb6 31. g5 Qe5 32. Qc5 Qf5+ 33. Ka1 fxg5 34. Qxc6 Rc8 0-1

[Event "Mexico City Latinoamericano op 1st"]
[Site "Mexico City"]
[Date "2021.11.08"]
[Round "7"]
[White "Avila Bautista, Roberto Al"]
[Black "Medina Calderon, Victor Manuel"]
[Result "1-0"]
[WhiteElo "2073"]
[BlackElo "1927"]
[PlyCount "93"]
[EventDate "2021.11.04"]
[EventType "swiss"]
[EventRounds "9"]
[EventCountry "MEX"]
[SourceTitle "EXT 2023"]
[Source "ChessBase"]
[SourceDate "2022.10.05"]
[SourceVersion "1"]
[SourceVersionDate "2022.10.05"]
[SourceQuality "1"]

1. c4 e5 2. g3 Nf6 3. Bg2 Nc6 4. Nc3 Bc5 5. d3 0-0 6. Nf3 Re8 7. 0-0 a5 8. Bg5 h6 9. Bxf6 Qxf6 10. Ne4 Qe7 11. Nxc5 Qxc5 12. Nd2 Qe7 13. Rb1 d6 14. a3 Nd4 15. e3 Ne6 16. Ne4 Ng5 17. Nxg5 Qxg5 18. b4 axb4 19. axb4 c6 20. b5 Bd7 21. bxc6 Bxc6 22. Bxc6 bxc6 23. Rb6 Rec8 24. Qf3 Qg6 25. Rd1 Ra3 26. Rxc6 Rxc6 27. Qxc6 Rxd3 28. Rxd3 Qxd3 29. Qe8+ Kh7 30. Qxf7 Qb1+ 31. Kg2 Qe4+ 32. Kh3 Qc2 33. g4 Qd1 34. Qf5+ g6 35. Qd7+ Kh8 36. Kg2 h5 37. gxh5 gxh5 38. h3 Qd3 39. Qe8+ Kg7 40. Qxh5 Kf6 41. Qh4+ Kf7 42. Qg4 Ke7 43. h4 e4 44. Qg5+ Ke6 45. Qd5+ Qxd5 46. cxd5+ Kxd5 47. Kg3 1-0